000 00738nam a2200217 a 4500
005 20240919063733.0
008 991125s1990 gua 000 0 spa u
020 _a9688951315
035 _aUPN01000012187
049 _aCG
050 4 _aHT127.7
_bC75
245 1 0 _aCrisis, conflicto y sobrevivencia :
_bestudios sobre la sociedad urbana en México /
_ccomp. Guillermo de la Peña.
260 _aGuadalajara:
_bCIESAS :
_bU de G,
_c1990.
300 _a317 p. :
_bil.
650 4 _aCIUDADES Y PUEBLOS -
_zMEXICO
_95884
650 2 _aMigración rural urbana
_97838
651 4 _aMéxico
_xCondiciones económicas
_95661
651 4 _aMéxico
_xCondiciones sociales
_94559
700 1 _aPeña, Guillermo de la,
_ecomp.
_931454
905 _aLibro
999 _c12187
_d12187